[Event "SR 5. liga SE-SI 2015/2016"]
[Site "?"]
[Date "2016.12.10"]
[Round "4.4"]
[White "Vozarova, Adriana"]
[Black "Buran, Andrej Ml"]
[Result "1-0"]
[WhiteElo "1502"]
[BlackElo "1594"]
[PlyCount "49"]
[EventDate "2016.??.??"]

1. e4 c5 2. Nf3 Nc6 3. d4 cxd4 4. Nxd4 Nf6 5. Nc3 e5 6. Nb3 Be7 7. Be3 O-O 8.
f3 d6 9. Qd2 Be6 10. O-O-O a6 11. g4 b5 12. Nd5 Bxd5 13. exd5 Na5 14. h4 Nxb3+
15. axb3 a5 16. Bxb5 Qc7 17. g5 Nd7 18. g6 f5 19. gxh7+ Kxh7 20. Bc6 Rac8 21.
Rdg1 Rg8 22. f4 e4 23. Qg2 Nf6 24. Qg6+ Kh8 25. h5 1-0

[Event "SR 5. liga SE-SI 2015/2016"]
[Site "?"]
[Date "2016.12.10"]
[Round "4.4"]
[White "Hrdlicka, Martin"]
[Black "Tomasovic, Pavol"]
[Result "1/2-1/2"]
[WhiteElo "1380"]
[BlackElo "1308"]
[PlyCount "38"]
[EventDate "2016.??.??"]

1. e4 e6 2. d4 d5 3. exd5 exd5 4. Nc3 Nf6 5. Nf3 Bd6 6. Bg5 O-O 7. Be2 c6 8.
O-O Nbd7 9. Qd2 Re8 10. Rfe1 Qc7 11. Bd3 h6 12. Bh4 Kf8 13. Re2 Ng8 14. Rae1
Ndf6 15. Ne5 Bd7 16. Bg3 Re7 17. f3 Rae8 18. b4 Nh5 19. Bh4 g5 1/2-1/2

[Event "SR 5. liga SE-SI 2015/2016"]
[Site "?"]
[Date "2016.12.10"]
[Round "4.4"]
[White "Fajtakova, Silvia"]
[Black "Bazovsky, Max"]
[Result "1-0"]
[WhiteElo "1239"]
[BlackElo "1318"]
[PlyCount "57"]
[EventDate "2016.??.??"]

1. e4 c5 2. Nf3 g6 3. d4 Bg7 4. dxc5 Qa5+ 5. Bd2 Qxc5 6. Nc3 d6 7. Bb5+ Bd7 8.
Bxd7+ Nxd7 9. O-O Ngf6 10. Be3 Qb4 11. Nd5 Qb5 12. Nc7+ Kf8 13. Nxb5 b6 14. Nc7
Rc8 15. Nd5 Nxe4 16. Bd4 e5 17. Re1 Nef6 18. Nxf6 Bxf6 19. Bc3 Be7 20. Ng5 h6
21. Ne4 Rc6 22. Qd5 Nb8 23. Bb4 Kg7 24. Nxd6 Bxd6 25. Bxd6 f6 26. Bxb8 Rc5 27.
Qd7+ Kg8 28. Rad1 h5 29. Qe7 1-0

[Event "SR 5. liga SE-SI 2015/2016"]
[Site "?"]
[Date "2016.12.10"]
[Round "4.4"]
[White "Valent, Tomas"]
[Black "Novomeska, Karin"]
[Result "1-0"]
[WhiteElo "1000"]
[BlackElo "1080"]
[PlyCount "47"]
[EventDate "2016.??.??"]

1. d4 d5 2. Nc3 Nf6 3. Bf4 Bf5 4. e3 a6 5. Bd3 Bg6 6. Nf3 e6 7. O-O Bb4 8. Qd2
Nbd7 9. a3 Bxc3 10. Qxc3 Bxd3 11. Qxd3 Nf8 12. Ne5 Nh5 13. b3 Qf6 14. Qd2 Ng6
15. Nxg6 Qxg6 16. c4 c6 17. cxd5 cxd5 18. Bd6 Rd8 19. Qb4 a5 20. Qb5+ Rd7 21.
Rac1 f5 22. Rc8+ Kf7 23. Qxd7+ Kf6 24. Qe7# 1-0

[Event "SR 5. liga SE-SI 2015/2016"]
[Site "?"]
[Date "2016.12.10"]
[Round "4.4"]
[White "Krbicova, Liana"]
[Black "Kaufmanova, Karin"]
[Result "1-0"]
[WhiteElo "1000"]
[BlackElo "1000"]
[PlyCount "91"]
[EventDate "2016.??.??"]

1. e4 e5 2. Nf3 Nc6 3. Bc4 Nf6 4. Nc3 d6 5. d3 Be7 6. Be3 Bg4 7. O-O O-O 8. h3
Bd7 9. Bg5 Qc8 10. Qc1 Bxh3 11. gxh3 Qxh3 12. Re1 Nh5 13. Bxe7 Nxe7 14. Ng5 d5
15. Nxh3 dxe4 16. dxe4 Rad8 17. Rd1 Rd6 18. Rxd6 cxd6 19. Ng5 Re8 20. Nxf7 Rc8
21. b3 Ng6 22. Nxd6+ Kh8 23. Nxc8 Nh4 24. Kf1 Nf6 25. Qe1 Nf3 26. Qd1 Nh2+ 27.
Kg1 Nhg4 28. f3 Ne3 29. Qe2 Nxc4 30. Qxc4 a6 31. Nb6 Ng8 32. Qc8 h6 33. Qxb7 a5
34. Qa7 h5 35. Qxa5 h4 36. Qxe5 h3 37. Qh5+ Nh6 38. Qxh3 Kh7 39. Rd1 g6 40.
Rd7+ Kh8 41. Qe6 Ng8 42. Qe5+ Nf6 43. Qxf6+ Kg8 44. Qxg6+ Kf8 45. Qc6 Ke8 46.
Qc8# 1-0

[Event "SR 5. liga SE-SI 2015/2016"]
[Site "?"]
[Date "2017.01.21"]
[Round "5.1"]
[White "Moravec, Milan"]
[Black "Klimes, Karel"]
[Result "1/2-1/2"]
[WhiteElo "1675"]
[BlackElo "1633"]
[PlyCount "91"]
[EventDate "2016.??.??"]

1. d4 d5 2. c4 Nf6 3. cxd5 Nxd5 4. Nf3 e6 5. e3 c5 6. Bb5+ Bd7 7. Bxd7+ Nxd7 8.
O-O Be7 9. Bd2 cxd4 10. Nxd4 O-O 11. Nc3 N7b6 12. Qb3 Rc8 13. Nxd5 Qxd5 14.
Qxd5 Nxd5 15. Rac1 Bf6 16. Rxc8 Rxc8 17. Rc1 Rxc1+ 18. Bxc1 Nb4 19. a3 Nd3 20.
Bd2 Nxb2 21. Nb5 Nc4 22. Bb4 a6 23. Nd6 Nxd6 24. Bxd6 Bd8 25. a4 f6 26. Kf1 Kf7
27. Ke2 Be7 28. Bc7 b5 29. axb5 axb5 30. Kd3 e5 31. e4 Ke6 32. Ba5 Bc5 33. f3
g6 34. g4 h6 35. Bd2 Bf8 36. h4 h5 37. Kc2 Bc5 38. Be1 Kd6 39. Kb3 Kc6 40. Bg3
Be3 41. Be1 Kb6 42. Kb4 Bc5+ 43. Kb3 Kc6 44. Bg3 Kd6 45. Be1 Ke6 46. Bg3
1/2-1/2

[Event "SR 5. liga SE-SI 2015/2016"]
[Site "?"]
[Date "2017.01.21"]
[Round "5.1"]
[White "Tomasovic, Roman"]
[Black "Cerovsky, Marian"]
[Result "1/2-1/2"]
[WhiteElo "1583"]
[BlackElo "1810"]
[PlyCount "70"]
[EventDate "2016.??.??"]

1. b3 e5 2. Bb2 Nc6 3. e3 Nf6 4. Bb5 d6 5. d4 exd4 6. Qxd4 Bd7 7. Qf4 Be7 8.
Nd2 a6 9. Bxc6 Bxc6 10. Ngf3 h6 11. O-O Qd7 12. a4 Nh5 13. Qc4 b5 14. Qe2 bxa4
15. Nd4 Nf6 16. Nxc6 Qxc6 17. Rxa4 Qxc2 18. Bxf6 Bxf6 19. Rc4 Qf5 20. Rxc7 O-O
21. Rc6 Qd5 22. Rfc1 a5 23. e4 Qd4 24. Nc4 Be5 25. Rd1 Qc3 26. Qd3 Qxd3 27.
Rxd3 Rfb8 28. g3 a4 29. bxa4 Rxa4 30. Kg2 Rbb4 31. Nd2 Ra2 32. Nc4 Raa4 33.
Nxd6 Bxd6 34. Rcxd6 Rxe4 35. Rd2 Ra7 1/2-1/2

[Event "SR 5. liga SE-SI 2015/2016"]
[Site "?"]
[Date "2017.01.21"]
[Round "5.1"]
[White "Damborsky, Pavol"]
[Black "Vozarova, Adriana"]
[Result "0-1"]
[WhiteElo "1676"]
[BlackElo "1548"]
[PlyCount "86"]
[EventDate "2016.??.??"]

1. e4 e5 2. Nf3 Nc6 3. Bc4 Nf6 4. d3 d6 5. h3 Be7 6. Be3 O-O 7. a3 Be6 8. Bxe6
fxe6 9. c3 d5 10. exd5 exd5 11. O-O Bd6 12. Ng5 Qe7 13. Nf3 Rad8 14. Qc2 e4 15.
Nh2 Qe5 16. g3 Qf5 17. Kg2 exd3 18. Qb3 Qe4+ 19. Kg1 Bxg3 20. Nd2 Bxh2+ 21.
Kxh2 Qh4 22. Rg1 Ne5 23. f3 Nh5 24. Raf1 Nf4 25. Rg3 Kh8 26. Qb4 Rde8 27. Rfg1
Neg6 28. Bxf4 Nxf4 29. Qd4 Re2+ 30. Kh1 Qf6 31. Qxf6 gxf6 32. Rd1 Rfe8 33. Nb3
Re1+ 34. Rg1 Rxg1+ 35. Kxg1 Re2 36. Rd2 Nxh3+ 37. Kf1 Nf4 38. Rxd3 Nxd3 39.
Kxe2 Nxb2 40. Nd4 Nc4 41. Nb5 c6 42. Nxa7 Nb6 43. a4 Nxa4 0-1

[Event "SR 5. liga SE-SI 2015/2016"]
[Site "?"]
[Date "2017.01.21"]
[Round "5.1"]
[White "Tomasovic, Pavol"]
[Black "Dubecky, Ladislav"]
[Result "0-1"]
[WhiteElo "1315"]
[BlackElo "1603"]
[PlyCount "112"]
[EventDate "2016.??.??"]

1. e4 e5 2. Nf3 d6 3. d4 exd4 4. Nxd4 Nf6 5. Nc3 Be7 6. Be2 O-O 7. O-O Bd7 8.
Bf4 a5 9. Qd2 c5 10. Ndb5 Bxb5 11. Bxb5 Qb6 12. Rfe1 Rd8 13. Qe2 Nc6 14. Bxc6
Qxc6 15. Rad1 Bf8 16. Nd5 Nxd5 17. exd5 Qa4 18. a3 Qxf4 19. g3 Qf6 20. c3 Rab8
21. Rd3 Re8 22. Re3 Rxe3 23. Qxe3 g6 24. f4 Bg7 25. Qe7 Qxe7 26. Rxe7 Bf8 27.
Rc7 a4 28. Kf2 Kg7 29. Kf3 h5 30. h3 b5 31. g4 hxg4+ 32. hxg4 b4 33. cxb4 cxb4
34. axb4 Rxb4 35. Ra7 Rxb2 36. Rxa4 Rc2 37. Ra7 g5 38. fxg5 Kg6 39. Rd7 Rc8 40.
Kf4 Re8 41. Rc7 Re5 42. Rc8 Bg7 43. Rd8 Rxd5 44. Rd7 Be5+ 45. Kf3 Rd4 46. Rd8
Bg7 47. Rd7 Rd1 48. Rd8 Kxg5 49. Rd7 Kg6 50. Rd8 Kf6 51. Kf4 Bh6+ 52. Kf3 Bg5
53. Kg3 Rd3+ 54. Kf2 Ke5 55. Ke2 Bxd8 56. Kxd3 Kf4 0-1

[Event "SR 5. liga SE-SI 2015/2016"]
[Site "?"]
[Date "2017.01.21"]
[Round "5.1"]
[White "Blanarik, Dominik"]
[Black "Fajtakova, Silvia"]
[Result "0-1"]
[WhiteElo "1526"]
[BlackElo "1260"]
[PlyCount "60"]
[EventDate "2016.??.??"]

1. e4 e5 2. Nf3 Nc6 3. Bb5 a6 4. Bxc6 dxc6 5. Nc3 Bd6 6. d4 Bg4 7. dxe5 Bxf3 8.
Qxf3 Bxe5 9. O-O Qh4 10. g3 Qe7 11. Be3 O-O-O 12. Rad1 Nh6 13. Bxh6 gxh6 14.
Qe3 Kb8 15. Qxh6 Rdg8 16. Qe3 h5 17. f4 Bd6 18. Kh1 h4 19. gxh4 Qxh4 20. Rd2
Rg4 21. e5 Be7 22. Ne4 Qh7 23. Ng5 Bxg5 24. fxg5 Rh4 25. Rff2 Re4 26. Qf3 Qh4
27. Rde2 Rd4 28. Qxf7 Qh3 29. g6 Rd1+ 30. Rf1 Rxf1+ 0-1

[Event "SR 5. liga SE-SI 2015/2016"]
[Site "?"]
[Date "2017.01.21"]
[Round "5.2"]
[White "Stasek, Daniel"]
[Black "Visvader, Kristof"]
[Result "1-0"]
[WhiteElo "1639"]
[BlackElo "1248"]
[PlyCount "35"]
[EventDate "2016.??.??"]

1. e4 e5 2. Nf3 Nc6 3. Bb5 d6 4. d4 Bd7 5. O-O Nf6 6. Re1 exd4 7. Bxc6 bxc6 8.
e5 dxe5 9. Nxe5 Be7 10. Qxd4 c5 11. Qe3 Be6 12. Nc3 O-O 13. Nxf7 Bxf7 14. Qxe7
Qxe7 15. Rxe7 c6 16. Be3 c4 17. Bxa7 Rfe8 18. Rxe8+ 1-0

[Event "SR 5. liga SE-SI 2015/2016"]
[Site "?"]
[Date "2017.01.21"]
[Round "5.2"]
[White "Jankovic, Vit"]
[Black "Cambal, Peter"]
[Result "0-1"]
[WhiteElo "1113"]
[BlackElo "1473"]
[PlyCount "46"]
[EventDate "2016.??.??"]

1. e4 c5 2. Nf3 d6 3. Nc3 Nf6 4. e5 dxe5 5. Nxe5 Qc7 6. d4 cxd4 7. Qxd4 Nbd7 8.
Nb5 Qa5+ 9. Nc3 Qxe5+ 10. Qxe5 Nxe5 11. Bf4 Nc6 12. O-O-O Bf5 13. Be2 g6 14.
Nb5 Rc8 15. Nc7+ Rxc7 16. Bxc7 Bh6+ 17. Kb1 O-O 18. f3 Rc8 19. Bg3 Nb4 20. Bd3
Be6 21. a3 Nxd3 22. Rxd3 Bf5 23. Rb3 Bxc2+ 0-1

[Event "SR 5. liga SE-SI 2015/2016"]
[Site "?"]
[Date "2017.01.21"]
[Round "5.2"]
[White "Sladek, Michal"]
[Black "Jankovic, Erik"]
[Result "1-0"]
[WhiteElo "1391"]
[BlackElo "1000"]
[PlyCount "143"]
[EventDate "2016.??.??"]

1. e4 e5 2. Nf3 Nc6 3. Bb5 d5 4. Bxc6+ bxc6 5. d3 dxe4 6. dxe4 Qxd1+ 7. Kxd1 f5
8. Re1 Bd6 9. exf5 Bxf5 10. Nxe5 Ne7 11. Nxc6 Rf8 12. Nxe7 Bxe7 13. Bg5 Rf7 14.
Bxe7 Rxe7 15. Rxe7+ Kxe7 16. Nc3 Rd8+ 17. Ke1 g5 18. Rd1 Rb8 19. Nd5+ Kd7 20.
Ne3+ Ke6 21. Nxf5 Kxf5 22. b3 Re8+ 23. Kf1 h5 24. Rd7 Rc8 25. c4 a6 26. b4 Ke6
27. Rd5 Rb8 28. a3 Kf6 29. b5 axb5 30. Rxb5 Ra8 31. Rb3 c5 32. g3 g4 33. Rd3
Ke6 34. Rd5 Rxa3 35. Rxc5 Ra1+ 36. Kg2 Rc1 37. h3 Rc2 38. Rxh5 Rxc4 39. hxg4
Rxg4 40. Rh4 Rg8 41. Re4+ Kf5 42. Rf4+ Kg5 43. Kf3 Rc8 44. Rg4+ Kf5 45. Rf4+
Kg5 46. Rh4 Rc3+ 47. Kg2 Rd3 48. Rh1 Kg4 49. Re1 Rd2 50. Re4+ Kg5 51. Kf3 Rd3+
52. Re3 Rd2 53. g4 Rd4 54. Re4 Rxe4 55. Kxe4 Kxg4 56. f3+ Kg5 57. Ke5 Kg6 58.
Ke6 Kg7 59. Ke7 Kg6 60. Ke6 Kg5 61. Ke5 Kg6 62. f4 Kf7 63. f5 Kf8 64. Ke6 Ke8
65. f6 Kf8 66. f7 Kg7 67. Ke7 Kg6 68. f8=Q Kg5 69. Qf3 Kg6 70. Qg4+ Kh6 71. Kf6
Kh7 72. Qg7# 1-0

[Event "SR 5. liga SE-SI 2015/2016"]
[Site "?"]
[Date "2017.01.21"]
[Round "5.2"]
[White "Visvader, Rudolf"]
[Black "Sefcik, Marek Ml"]
[Result "1-0"]
[WhiteElo "1000"]
[BlackElo "1000"]
[PlyCount "117"]
[EventDate "2016.??.??"]

1. d4 d5 2. Bf4 Nc6 3. e3 a6 4. b3 Nf6 5. c4 e6 6. c5 Nh5 7. Qxh5 g6 8. Qg5 Be7
9. Qg3 e5 10. Bxe5 Nxe5 11. Qxe5 f6 12. Qg3 b6 13. b4 Qd7 14. Qf3 O-O 15. Nc3
Bb7 16. Bd3 b5 17. Qg3 Kf7 18. Qh3 Qxh3 19. Nxh3 c6 20. O-O Bc8 21. e4 Be6 22.
Rfe1 a5 23. a3 axb4 24. axb4 Rxa1 25. Rxa1 g5 26. Re1 h5 27. Re3 dxe4 28. Nxe4
Rg8 29. f3 f5 30. Nd6+ Kf6 31. f4 g4 32. Ng5 Bd5 33. Nh7+ Kg6 34. Bxf5+ Kg7 35.
Rxe7+ Kh8 36. Re8 Kg7 37. Rxg8+ Kxg8 38. Be4 Be6 39. Nf6+ Kf8 40. Nxh5 Ke7 41.
f5 Bxf5 42. Nxf5+ Ke6 43. Bxc6 Kxf5 44. d5 Ke5 45. d6 Ke6 46. d7 Ke7 47. Bxb5
Kd8 48. c6 Kc7 49. Ng7 Kd8 50. Ne6+ Ke7 51. d8=Q+ Kxe6 52. c7 Kf5 53. c8=R Ke4
54. Rc4+ Ke5 55. Qd4+ Ke6 56. Qe4+ Kd6 57. Rc6+ Kd7 58. Qe6+ Kd8 59. Rc8# 1-0

[Event "SR 5. liga SE-SI 2015/2016"]
[Site "?"]
[Date "2017.01.21"]
[Round "5.2"]
[White "Datko, Jan"]
[Black "Buraj, Patrik"]
[Result "0-1"]
[WhiteElo "1000"]
[BlackElo "1000"]
[PlyCount "78"]
[EventDate "2016.??.??"]

1. e4 e5 2. Nf3 Nc6 3. Bc4 h6 4. O-O Nge7 5. Nc3 d6 6. d3 Nd4 7. Be3 Ne6 8. Qd2
c6 9. a3 d5 10. Ba2 d4 11. Nxe5 dxc3 12. Qxc3 f6 13. Nf3 Ng5 14. Nh4 f5 15. f4
Nf7 16. Qb3 Nd6 17. Bc5 Qd7 18. e5 Nb5 19. Qf7+ Kd8 20. Be6 Qe8 21. Bxe7+ Qxe7
22. Qxe7+ Bxe7 23. Bxf5 Bxh4 24. Bxc8 Rxc8 25. g3 Be7 26. c3 g5 27. f5 Bc5+ 28.
d4 Bf8 29. c4 Nxd4 30. Rad1 c5 31. f6 b5 32. b3 bxc4 33. bxc4 Kc7 34. Rf2 Rd8
35. Re1 g4 36. Kf1 Kb6 37. e6 Nf3 38. Ree2 Rh7 39. h3 Rd1+ 0-1

[Event "SR 5. liga SE-SI 2015/2016"]
[Site "?"]
[Date "2017.01.21"]
[Round "5.3"]
[White "Svrcek, Daniel"]
[Black "Bartos, Bohumil"]
[Result "0-1"]
[WhiteElo "1300"]
[BlackElo "1658"]
[PlyCount "84"]
[EventDate "2016.??.??"]

1. d4 d5 2. c4 c6 3. Nc3 e6 4. e3 Nf6 5. Nf3 Nbd7 6. Bd2 Qc7 7. Qc2 Be7 8. Be2
dxc4 9. Bxc4 b5 10. Bd3 Bb7 11. O-O a6 12. h3 c5 13. Be2 cxd4 14. exd4 b4 15.
Rac1 bxc3 16. Bxc3 Rc8 17. Qd1 Qb8 18. Re1 O-O 19. Bd3 h6 20. Nd2 Nd5 21. Nf3
Nxc3 22. Rxc3 Rxc3 23. bxc3 Rc8 24. Qd2 Bxf3 25. gxf3 Qd6 26. c4 Bf6 27. c5
Qxd4 28. Rc1 Qd5 29. Rd1 Rxc5 30. Qe2 Qg5+ 31. Kf1 Rd5 32. Qe4 Qf5 33. Qxf5
exf5 34. Ke2 g6 35. f4 a5 36. f3 Nc5 37. Rd2 Nxd3 38. Rxd3 Rxd3 39. Kxd3 Bd8
40. Kd4 Bc7 41. Ke3 Kf8 42. a4 Ke7 0-1

[Event "SR 5. liga SE-SI 2015/2016"]
[Site "?"]
[Date "2017.01.21"]
[Round "5.3"]
[White "Spacek, Jan"]
[Black "Sefcik, Oliver"]
[Result "0-1"]
[WhiteElo "1129"]
[BlackElo "1009"]
[PlyCount "70"]
[EventDate "2016.??.??"]

1. e4 e6 2. d4 d5 3. exd5 exd5 4. Nf3 Bd6 5. Bb5+ c6 6. Ba4 Bg4 7. h3 Bh5 8. g4
Bg6 9. Nc3 Nf6 10. Bg5 h6 11. Bh4 O-O 12. Qd2 Nbd7 13. O-O-O Qc7 14. Ne2 Ne4
15. Qe1 Rfe8 16. Kb1 b5 17. Bb3 a5 18. a3 b4 19. a4 Nb6 20. Nd2 Re6 21. f3
Nxd2+ 22. Qxd2 Rae8 23. Rde1 Re3 24. Rhf1 Rxb3 25. Ka1 Nc4 26. Qc1 Rxb2 27.
Qxb2 Nxb2 28. Kxb2 c5 29. Bf2 cxd4 30. Rc1 Rxe2 31. Bxd4 Rxc2+ 32. Rxc2 Qxc2+
33. Ka1 b3 34. Bb2 Ba3 35. Rb1 Qxb1# 0-1

[Event "SR 5. liga SE-SI 2015/2016"]
[Site "?"]
[Date "2017.01.21"]
[Round "5.3"]
[White "Stefko, Martin"]
[Black "Parizek, Ondrej"]
[Result "0-1"]
[WhiteElo "1000"]
[BlackElo "1000"]
[PlyCount "72"]
[EventDate "2016.??.??"]

1. e4 e5 2. Nf3 Nf6 3. Nxe5 Qe7 4. d4 d6 5. Nf3 Nxe4 6. Be3 f5 7. Bd3 f4 8.
Bxf4 Nc3+ 9. Qe2 Nxe2 10. Bxe2 h6 11. Nc3 Be6 12. O-O Nc6 13. Bd3 O-O-O 14.
Rae1 g5 15. Nd5 Qf7 16. Bxg5 Bxd5 17. Bxd8 Kxd8 18. a3 Qg7 19. Re3 Rg8 20. g3
Nxd4 21. Nh4 Be7 22. c3 Bxh4 23. cxd4 Qf7 24. Be4 Bg5 25. Re2 Bc4 26. Rc2 Bxf1
27. Kxf1 Re8 28. f3 d5 29. Bd3 Qxf3+ 30. Rf2 Qxd3+ 31. Kg2 Re2 32. Kg1 Be3 33.
Kg2 Rxf2+ 34. Kh3 Qf5+ 35. g4 Rf3+ 36. Kg2 Qxg4+ 0-1

[Event "SR 5. liga SE-SI 2015/2016"]
[Site "?"]
[Date "2017.01.21"]
[Round "5.3"]
[White "Romanova, Ela"]
[Black "Cermak, Lukas"]
[Result "1-0"]
[WhiteElo "1000"]
[BlackElo "1000"]
[PlyCount "83"]
[EventDate "2016.??.??"]

1. e4 e5 2. Nf3 Nc6 3. Bc4 Bc5 4. c3 d6 5. d4 exd4 6. cxd4 Bb4+ 7. Nc3 Bd7 8.
Bf4 Nf6 9. O-O O-O 10. Rc1 Nh5 11. Be3 Qf6 12. a3 Qg6 13. Nh4 Qf6 14. Qxh5 g6
15. Qg5 Qxg5 16. Bxg5 Ba5 17. Rfd1 Bg4 18. Rd3 Rfe8 19. h3 Be6 20. Bxe6 Rxe6
21. d5 Re5 22. f4 Ree8 23. dxc6 bxc6 24. b4 Bb6+ 25. Kh2 c5 26. bxc5 dxc5 27.
Na4 c4 28. Nxb6 axb6 29. Rdc3 b5 30. f5 Kg7 31. Nf3 h6 32. Be3 Rab8 33. Rb1 c5
34. Bxc5 Rec8 35. Bd4+ f6 36. e5 fxe5 37. Bxe5+ Kf7 38. Bxb8 Rxb8 39. fxg6+
Kxg6 40. a4 Rf8 41. axb5 h5 42. Rxc4 1-0

[Event "SR 5. liga SE-SI 2015/2016"]
[Site "?"]
[Date "2017.01.21"]
[Round "5.3"]
[White "Bartosik, Rafael"]
[Black "Dubanova, Kristina"]
[Result "1-0"]
[WhiteElo "1000"]
[BlackElo "1000"]
[PlyCount "121"]
[EventDate "2016.??.??"]

1. e4 e5 2. Nf3 Nc6 3. Bc4 Bc5 4. Ng5 Qxg5 5. O-O Nf6 6. d3 d6 7. Bxg5 Bg4 8.
Qd2 Nd4 9. Nc3 Bb4 10. Bxf6 Ne2+ 11. Kh1 gxf6 12. a3 Bxc3 13. bxc3 Rg8 14. f3
Ng3+ 15. hxg3 Be6 16. Bxe6 fxe6 17. Rab1 O-O-O 18. g4 d5 19. exd5 exd5 20. Qe3
d4 21. cxd4 exd4 22. Qe6+ Kb8 23. Qxf6 Rgf8 24. Qh4 Rde8 25. Qxh7 Rh8 26. Rfe1
Reg8 27. Qh3 Rxh3+ 28. gxh3 Rh8 29. Kg2 a6 30. Re4 c5 31. Rbe1 Rc8 32. Re8 b5
33. Rxc8+ Kxc8 34. h4 b4 35. axb4 cxb4 36. Rb1 a5 37. Ra1 Kb7 38. Rxa5 Kb6 39.
Ra4 Kb5 40. Rxb4+ Kxb4 41. c4 Kc3 42. Kf2 Kxd3 43. Ke1 Kxc4 44. Kd1 Kd3 45. g5
Ke3 46. Ke1 d3 47. g6 d2+ 48. Kd1 Kxf3 49. g7 Ke3 50. g8=Q Kf2 51. h5 Kf1 52.
h6 Kf2 53. h7 Ke3 54. h8=R Kd4 55. Rh3 Ke4 56. Qg4+ Ke5 57. Rh5+ Kd6 58. Qg6+
Ke7 59. Rh7+ Kf8 60. Qg7+ Ke8 61. Qg8# 1-0

[Event "SR 5. liga SE-SI 2015/2016"]
[Site "?"]
[Date "2017.01.21"]
[Round "5.4"]
[White "Ralbovsky, Dominik"]
[Black "Kanka, Tomas"]
[Result "0-1"]
[WhiteElo "1000"]
[BlackElo "1692"]
[PlyCount "90"]
[EventDate "2016.??.??"]

1. c4 e5 2. e3 c5 3. Bd3 Nf6 4. Nc3 Be7 5. Nf3 Nc6 6. O-O O-O 7. Be4 h6 8. Bxc6
bxc6 9. Nxe5 Bb7 10. d4 d6 11. Qb3 Rb8 12. Nd3 cxd4 13. exd4 c5 14. dxc5 dxc5
15. Bf4 Qxd3 16. Bxb8 Rxb8 17. Nd5 Qxb3 18. axb3 Nxd5 19. cxd5 Bxd5 20. Rxa7
Bf6 21. Rc7 Bd4 22. Rd1 Bxb3 23. Rd3 Bc4 24. Rxd4 cxd4 25. Rxc4 Rxb2 26. Rc1 f5
27. Rd1 Kf7 28. g3 Rb4 29. f4 Ke6 30. Rd3 Kd5 31. Kf2 Ke4 32. Ke2 Rb2+ 33. Rd2
d3+ 34. Ke1 Rb1+ 35. Rd1 Rxd1+ 36. Kxd1 Ke3 37. Ke1 g5 38. fxg5 hxg5 39. Kd1 f4
40. Ke1 f3 41. h4 gxh4 42. gxh4 f2+ 43. Kf1 Kf3 44. h5 d2 45. h6 d1=Q# 0-1

[Event "SR 5. liga SE-SI 2015/2016"]
[Site "?"]
[Date "2017.01.21"]
[Round "5.4"]
[White "Papanek, Lubomir"]
[Black "Hyza, Richard"]
[Result "1/2-1/2"]
[WhiteElo "1647"]
[BlackElo "1000"]
[PlyCount "70"]
[EventDate "2016.??.??"]

1. e4 e5 2. Nf3 Nc6 3. Bc4 Bc5 4. c3 Nf6 5. d3 d6 6. O-O O-O 7. Bg5 h6 8. Bh4
Bg4 9. Nbd2 a6 10. h3 Bh5 11. a3 Qd7 12. Qc2 b5 13. Ba2 Rab8 14. Bb1 Bg6 15.
Bxf6 gxf6 16. Qc1 Kg7 17. Nb3 Bb6 18. d4 Ne7 19. Kh2 c5 20. dxc5 dxc5 21. g4 c4
22. Nbd2 Bc5 23. Bc2 Rh8 24. Nh4 h5 25. Nf5+ Bxf5 26. gxf5 Rbg8 27. Qe1 Kh7 28.
Qe2 Kg7 29. Rg1+ Kf8 30. Rad1 Qc7 31. Nf3 Bb6 32. Qd2 Ke8 33. Rxg8+ Nxg8 34.
Qd5 Ne7 35. Qa8+ Qc8 1/2-1/2

[Event "SR 5. liga SE-SI 2015/2016"]
[Site "?"]
[Date "2017.01.21"]
[Round "5.4"]
[White "Daniel, Jakub"]
[Black "Drska, Michal"]
[Result "0-1"]
[WhiteElo "1000"]
[BlackElo "1653"]
[PlyCount "52"]
[EventDate "2016.??.??"]

1. e4 e5 2. Nf3 Nc6 3. g3 Nf6 4. Nc3 Be7 5. Bg2 d6 6. d3 Bg4 7. O-O O-O 8. Be3
h6 9. Qd2 Bxf3 10. Bxf3 Nh7 11. Ne2 Bg5 12. Bg2 Nd4 13. Nc3 c6 14. f4 exf4 15.
gxf4 Bf6 16. f5 a5 17. a4 Rb8 18. Kh1 Bg5 19. Ne2 Bxe3 20. Qxe3 Nxc2 21. Qg3
Nxa1 22. Rxa1 Qg5 23. Qxd6 Rfd8 24. Qc7 Qd2 25. Bf3 Qxd3 26. Rg1 Qxf3+ 0-1

[Event "SR 5. liga SE-SI 2015/2016"]
[Site "?"]
[Date "2017.01.21"]
[Round "5.4"]
[White "Mraz, Jan"]
[Black "Lanza, Matej"]
[Result "1-0"]
[WhiteElo "1577"]
[BlackElo "1000"]
[PlyCount "109"]
[EventDate "2016.??.??"]

1. d4 d5 2. c4 Nf6 3. Nc3 dxc4 4. e3 Bg4 5. f3 Be6 6. Qa4+ Bd7 7. Qxc4 Be6 8.
Qb4 Nc6 9. Bb5 a6 10. Bxc6+ bxc6 11. Qa4 Bd7 12. Qc2 e6 13. Bd2 Nd5 14. Nge2
Bb4 15. O-O O-O 16. Nxd5 Bxd2 17. Qxd2 cxd5 18. Rfc1 Bb5 19. Nf4 h6 20. Rc5 Bc4
21. b3 e5 22. dxe5 Bb5 23. Rxd5 Qe7 24. Rd1 Bc6 25. Ra5 Rad8 26. Qc2 Rd7 27.
Rxd7 Bxd7 28. h3 Bc6 29. Qxc6 Rd8 30. Rd5 Qe8 31. Qxc7 Rxd5 32. Nxd5 Qa8 33.
Ne7+ Kf8 34. Qc8+ Qxc8 35. Nxc8 Ke8 36. Nd6+ Ke7 37. Kf2 Ke6 38. f4 g5 39. b4
gxf4 40. exf4 f6 41. Nc4 fxe5 42. fxe5 Kd5 43. Ke3 Kxc4 44. e6 Kd5 45. e7 Kd6
46. e8=Q Kd5 47. Qe4+ Kd6 48. Qf5 Kc6 49. Kd4 Kb6 50. Qc5+ Kb7 51. Qd6 Kc8 52.
Qe7 Kb8 53. Kd5 Kc8 54. Kc6 Kb8 55. Qb7# 1-0

[Event "SR 5. liga SE-SI 2015/2016"]
[Site "?"]
[Date "2017.01.21"]
[Round "5.4"]
[White "Vyrubal, Ondrej"]
[Black "Ralbovsky, Milan"]
[Result "1/2-1/2"]
[WhiteElo "1000"]
[BlackElo "1512"]
[PlyCount "126"]
[EventDate "2016.??.??"]

1. Nf3 d5 2. d4 e6 3. Bf4 Bd6 4. e3 Bxf4 5. exf4 Nc6 6. Nc3 a6 7. a3 Nf6 8. Bd3
O-O 9. O-O Qd6 10. Re1 Qxf4 11. g3 Qh6 12. Bf1 b5 13. b4 Bb7 14. Rb1 Ne7 15.
Qc1 Ng4 16. Qxh6 Nxh6 17. Ne5 Bc8 18. a4 Nhf5 19. Ne2 f6 20. Nd3 Nc6 21. axb5
axb5 22. Ra1 Rxa1 23. Rxa1 Bb7 24. Ra2 Ra8 25. Rxa8+ Bxa8 26. c3 g5 27. Nc5 Kf7
28. Nd7 Ke7 29. Nc5 h5 30. Bh3 Kf7 31. Bxf5 exf5 32. Na6 Ne7 33. Nxc7 Bc6 34.
Na6 Ng8 35. Nc5 Nh6 36. h4 gxh4 37. gxh4 Ng4 38. f3 Ne3 39. Kf2 f4 40. Ke1 Ng2+
41. Kf2 Nxh4 42. Nxf4 Nf5 43. Nxh5 Ng7 44. Nxg7 Kxg7 45. f4 Kg6 46. Nd3 Kf5 47.
c4 dxc4 48. Ne1 Ke4 49. d5 Bxd5 50. Ng2 c3 51. Ne1 Kxf4 52. Kf1 Bb3 53. Ke2 c2
54. Nxc2 Bxc2 55. Kd2 f5 56. Kxc2 Ke3 57. Kd1 f4 58. Ke1 f3 59. Kf1 Kf4 60. Kf2
Kg4 61. Kf1 Kg3 62. Kg1 f2+ 63. Kf1 Kf3 1/2-1/2

[Event "SR 5. liga SE-SI 2015/2016"]
[Site "?"]
[Date "2017.02.04"]
[Round "6.1"]
[White "Planka, Peter"]
[Black "Brunovsky, Peter"]
[Result "1/2-1/2"]
[WhiteElo "1816"]
[BlackElo "1827"]
[PlyCount "50"]
[EventDate "2016.??.??"]

1. e4 d5 2. exd5 Qxd5 3. Nc3 Qa5 4. d4 Nf6 5. Nf3 Bf5 6. Bc4 e6 7. O-O c6 8.
Bf4 Bb4 9. Ne2 O-O 10. c3 Be7 11. Ng3 Bg6 12. Bd3 Nbd7 13. Qc2 Rac8 14. Bxg6
hxg6 15. Ne4 Nxe4 16. Qxe4 Nf6 17. Qe2 Qh5 18. Qe5 Rfd8 19. h3 Bd6 20. Qxh5
Nxh5 21. Bxd6 Rxd6 22. Rad1 Rcd8 23. Rd2 Nf6 24. Re1 Kf8 25. Rde2 Rd5 1/2-1/2

[Event "SR 5. liga SE-SI 2015/2016"]
[Site "?"]
[Date "2017.02.04"]
[Round "6.1"]
[White "Vlk, Jaroslav"]
[Black "Jarabek, Milan"]
[Result "1/2-1/2"]
[WhiteElo "1476"]
[BlackElo "1735"]
[PlyCount "62"]
[EventDate "2016.??.??"]

1. e4 c5 2. Nf3 d6 3. d4 cxd4 4. Nxd4 Nf6 5. Nc3 a6 6. Bc4 e6 7. Bd3 Nc6 8. Be3
Be7 9. f3 O-O 10. O-O Qc7 11. a3 Rd8 12. Na4 b5 13. Nc3 Ne5 14. h3 Nc4 15. Bxc4
Qxc4 16. Qd3 Qc7 17. Nce2 Bb7 18. Nc3 d5 19. Rac1 dxe4 20. Nxe4 Nxe4 21. fxe4
e5 22. Qb3 exd4 23. Qxf7+ Kh8 24. Bf4 Qc5 25. b4 Qc6 26. Qxe7 Re8 27. Qd6 Qxe4
28. Rf2 Rad8 29. Qb6 Rc8 30. Rd1 Rxc2 31. Qxd4 Qxd4 1/2-1/2